00607cam a22002053a 450000100060000000300060000600500170001200800410002904000150007004200070008505000070009210000370009924500700013626000290020650600300023551600200026565300450028583000290033085600420035941753PGUSA20140828083937.0130101s2013||||xxu|||||s|||||000 1 eng d aPGUSAbeng adc 4aPZ1 aBowen, Robert Sidney,d1900-197710aDave Dawson at Trukh[electronic resource] /cRobert Sidney Bowen bProject Gutenberg,c2013 aPublic domain in the USA. aElectronic text aWorld War, 1939-1945 -- Juvenile fiction 0aProject Gutenbergv4175340uhttp://www.gutenberg.org/ebooks/41753